| 000 | 00675nam a22002417a 4500 | ||
|---|---|---|---|
| 003 | dpl0 | ||
| 005 | 20180813160925.0 | ||
| 008 | 180813b xxu||||| |||| 00| 0 eng d0 | ||
| 010 | _aB-217985 | ||
| 020 | _c00.00 | ||
| 035 | _aB-217985,B-217990 | ||
| 037 | _bCen Lib/Ret | ||
| 040 |
_aDPL _bEN _c0 |
||
| 082 |
_aN _bBAS |
||
| 100 |
_aBasu, Kunal _994090 |
||
| 245 |
_aThe opium clerk / _cby Kunal Basu |
||
| 260 |
_aNew Delhi _bPenguin Books _c2001 |
||
| 270 |
_bNew Delhi _a11 Community Centre, Panchsheel Park _e110017 |
||
| 300 |
_a312p. _c20cm(pbk) |
||
| 650 |
_aLiterature -- fiction _994091 |
||
| 650 |
_aEnglish Novel _914422 |
||
| 942 |
_2ddc _cEN _hN _mBAS |
||
| 999 |
_c135069 _d135069 |
||